Catalog

Record Details

Catalog Search



A man called Ove / Tre Vänner presenterar i ... Read More

Available copies

  • 4 of 4 copies available at LARL/NWRL Consortium.
  • 1 of 1 copy available at Lake Agassiz Regional Library. (Show preferred library)

Current holds

0 current holds with 4 total copies.

Show Only Available Copies
Location Call Number / Copy Notes Barcode Shelving Location Status Due Date
Moorhead Public Library DVD MAN (Text) 33500012435442 Main Available -
Godel Memorial-Warren Library DVD MAN (Text) 35500005567027 Main Available -
Red Lake Falls Public Library DVD MAN (Text) 35500005567019 Main Available -
Warroad Public Library DVD MAN (Text) 35500005583925 Main Available -

Record details

  • Physical Description: 1 videodisc (116 min.) : sound, color ; 4 3/4 in.
  • Publisher: Chicago, IL : Music Box Films, [2016]

Content descriptions

General Note:
Based on the novel by Fredrik Backman.
Originally released as a motion picture in 2015.
Widescreen (2.35:1).
Special features: The Ove in us all : a talk with Hannes Holm, Rolf Lassgård, and Bahar Pars; ... Read More
Creation/Production Credits Note:
Director of photography, Göran Hallberg ; ... Read More
Participant or Performer Note:
Rolf Lassgård, Bahar Pars, Filip Berg, Ida ... Read More
Summary, etc.:
Ove, a grumpy, isolated retiree who spends his ... Read More
Target Audience Note:
Rating: PG-13; for thematic content, some ... Read More
System Details Note:
DVD; NTSC, region 1, widescreen (2.35:1) ... Read More
Language Note:
Swedish and Persian dialogue; with optional ... Read More
Subject: Older men > Sweden > Drama.
Negativism > Drama.
Widowers > Sweden > Drama.
Loss (Psychology) > Drama.
Citizens' associations > Sweden > Drama.
Neighbors > Drama.
Intergenerational relations > Drama.
Friendship > Drama.
Sweden > Drama.
Genre: Dark comedy films.
Film adaptations.
Fiction films.
Feature films.
Feature films > Sweden.
Swedish language films.
LDR 04974cgm a2201069Ii 4500
001224499
003LARL_NWRL_CONSORTIUM
00520170208221821.0
008161206p20162015ilu116 vlswe d
007vd cvaizk
019 . ‡a967829594 ‡a968266643
0241 . ‡a751778950775
02842. ‡aMBFHE-118 ‡bMusic Box Films
035 . ‡a(OCoLC)965388159 ‡z(OCoLC)967829594 ‡z(OCoLC)968266643
0411 . ‡aswe ‡aper ‡jeng ‡jswe ‡hswe ‡hper
0411 . ‡aswe ‡jeng ‡hswe
043 . ‡ae-sw---
046 . ‡k2015 ‡2edtf
08204. ‡a791.43/72 ‡223
24512. ‡aA man called Ove / ‡cTre Vänner presenterar i samproduktion med Film Väst, Nordisk Film, Fantefilm, Nordsvensk Filmunderhållning, och SVT ; producent, Annica Bellander Rune och Nicklas Wikström Nicastro ; manus & regi, Hannes Holm.
2463 . ‡aMan som heter Ove
257 . ‡aSweden ‡2naf
264 1. ‡aChicago, IL : ‡bMusic Box Films, ‡c[2016]
264 4. ‡c©2016
300 . ‡a1 videodisc (116 min.) : ‡bsound, color ; ‡c4 3/4 in.
336 . ‡atwo-dimensional moving image ‡btdi ‡2rdacontent
337 . ‡avideo ‡bv ‡2rdamedia
338 . ‡avideodisc ‡bvd ‡2rdacarrier
340 . ‡b4 3/4 in. ‡dstamping ‡2rda
344 . ‡adigital ‡boptical ‡gstereo ‡gsurround ‡hDolby Digital 2.0 ‡hDolby Digital 5.1 ‡2rda
346 . ‡bNTSC ‡2rda
347 . ‡avideo file ‡eregion 1 ‡2rda
347 . ‡bDVD video
380 . ‡aMotion pictures ‡2lcgft
538 . ‡aDVD; NTSC, region 1, widescreen (2.35:1) presentation; Dolby Digital 5.1 and 2.0.
546 . ‡aSwedish and Persian dialogue; with optional English and Swedish subtitles.
5111 . ‡aRolf Lassgård, Bahar Pars, Filip Berg, Ida Engvoll, Chatarina Larsson, Börje Lundberg, Tobias Almborg, Klas Wiljergård, Poyan Karimi, Simon Edenroth, Johan Widerberg, Stefan Gödicke, Zozan Akgün.
508 . ‡aDirector of photography, Göran Hallberg ; composer, Gaute Storaas ; editor, Fredrik Morheden.
500 . ‡aBased on the novel by Fredrik Backman.
500 . ‡aOriginally released as a motion picture in 2015.
500 . ‡aWidescreen (2.35:1).
5218 . ‡aRating: PG-13; for thematic content, some disturbing images, and language.
520 . ‡aOve, a grumpy, isolated retiree who spends his days enforcing block association rules and visiting his wife's grave, decides to give up on life until an unlikely friendship develops with a boisterous young family that moves in next door.
500 . ‡aSpecial features: The Ove in us all : a talk with Hannes Holm, Rolf Lassgård, and Bahar Pars; director and cast Q&A at Scandinavia House NYC; makeup gallery; makeup time-lapse; theatrical trailer.
650 0. ‡aOlder men ‡zSweden ‡vDrama.
650 0. ‡aNegativism ‡vDrama.
650 0. ‡aWidowers ‡zSweden ‡vDrama.
650 0. ‡aLoss (Psychology) ‡vDrama.
650 0. ‡aCitizens' associations ‡zSweden ‡vDrama.
650 0. ‡aNeighbors ‡vDrama.
650 0. ‡aIntergenerational relations ‡vDrama.
650 0. ‡aFriendship ‡vDrama. ‡0(LARL_NWRL_CONSORTIUM)172253
651 0. ‡aSweden ‡vDrama.
655 7. ‡aDark comedy films. ‡2lcgft ‡0(LARL_NWRL_CONSORTIUM)175651
655 7. ‡aFilm adaptations. ‡2lcgft ‡0(LARL_NWRL_CONSORTIUM)175712
655 7. ‡aFiction films. ‡2lcgft ‡0(LARL_NWRL_CONSORTIUM)175626
655 7. ‡aFeature films. ‡2lcgft ‡0(LARL_NWRL_CONSORTIUM)175625
655 4. ‡aFeature films ‡zSweden.
655 7. ‡aSwedish language films. ‡2local
7001 . ‡aHolm, Hannes, ‡escreenwriter, ‡efilm director.
7001 . ‡aRune, Annica Bellander, ‡efilm producer.
7001 . ‡aNicastro, Nicklas Wikström, ‡efilm producer.
7001 . ‡aLassgård, Rolf, ‡d1955- ‡eactor. ‡0(LARL_NWRL_CONSORTIUM)214189
7001 . ‡aPars, Bahar, ‡eactor.
7001 . ‡aBerg, Filip, ‡eactor.
7001 . ‡aEngvoll, Ida, ‡eactor.
7001 . ‡aLarsson, Chatarina, ‡eactor.
7001 . ‡aLundberg, Börje, ‡d1953- ‡eactor.
7001 . ‡aAlmborg, Tobias, ‡eactor.
7001 . ‡aWiljergård, Klas, ‡eactor.
7001 . ‡aKarimi, Poyan, ‡eactor.
7001 . ‡aEdenroth, Simon, ‡eactor.
7001 . ‡aWiderberg, Johan, ‡eactor.
7001 . ‡aGödicke, Stefan, ‡d1970- ‡eactor.
7001 . ‡aAkgün, Zozan, ‡eactor.
7001 . ‡aHallberg, Göran, ‡d1959- ‡edirector of photography.
7001 . ‡aStoraas, Gaute, ‡ecomposer (expression)
7001 . ‡aMorheden, Fredrik, ‡eeditor of moving image work.
7001 . ‡iMotion picture adaptation of (work): ‡aBackman, Fredrik, ‡d1981- ‡tMan som heter Ove.
901 . ‡a224499 ‡bOCoLC ‡c224499 ‡tbiblio ‡soclc

Additional Resources